000 01224nam a2200349La 4500
001 ocn238105977
003 TZ-ArACH
005 2012022209339.0
008 960807s1996 nyu b 001 0 eng d
020 _a0231064454
020 _a9780231064453
035 _a(OCoLC)238105977
035 _a(MH)008927124-007021499
040 _aMH-L
_cTZ-ArACH
041 _aEng
043 _an-us---
049 _aTZAA
050 4 _aK3240.4
_b.H46
100 1 _aHenkin, Louis.
_94337
245 1 4 _aAge of rights /
_cLouis Henkin.
260 _aNew York :
_bColumbia University Press,
_c1996
300 _axix, 220 p. ;
_c23 cm.
500 _a"New in paperback, with a new preface"--P. [4] of cover.
504 _aIncludes bibliographical references (p. [195]-213) and index.
650 0 _aCivil rights
_zUnited States
_xHistory.
_94338
650 0 _aHuman rights
_xHistory.
_94339
650 0 _aHuman rights
_zUnited States
_xHistory.
_94340
651 0 _aUnited States
_xForeign relations
_y1945-1989.
_94341
942 _2lcc
_cBOOK
999 _c1556
_d1556